Kościół katolicki na ziemi chełmińskiej w latach okupacji hitlerowskiej
| Titel: | Kościół katolicki na ziemi chełmińskiej w latach okupacji hitlerowskiej |
|---|---|
| Verfasser: | |
| In: |
Studia Pelplińskie, Band 25 (1996), Seite 273-276 alle Artikel anzeigen |
| Veröffentlicht: | 1996 |
| Format: | Aufsatz |
| Sprache: | Polnisch |
X
alg: 39527002 001A $01999:12-11-16 001B $01999:09-08-21 $t17:45:50.000 001C $06050:19-11-16 $t09:03:20.000 001D $01999:12-11-16 001U $0utf8 001X $00 002@ $0Aox 003@ $0395270022 007A $0395270022 $aHEB 007T $0Herdt04968 010@ $apol 011@ $a1996 021A $aKościół katolicki na ziemi chełmińskiej w latach okupacji hitlerowskiej 027A $aDie katholische Kirche im Kulmer Land unter der nationalsozialistischen Herrschaft 028A $#Borzyszkowski, Josef $#Bòrzëszkòwsczi, Józef $7103361952 $8Borzyszkowski, Józef$Z1946- [Tp1] $9138771383 031A $d25 $h273-276 $j1996 039B $aIn $8--Abvc--. Studia Pelplińskie. - Pelplin : Wydawnictwo "Bernardinum", 1969-. - ISSN 0239-4456 $x199600000250000727 $9047489731 039T $8--Acx--. Kościół katolicki w latach 1939-1945 na terenach obecnej diecezji toruńskiej. - Toruń : Wyd. Diecezjalne $9391391534 045F $a900.94382 $eDDC23BSB 045F/01 $a900 045F/03 $g4382 045F/03 $g43832 045T $aOST $qDE-12 $2FID 045T $a1 046C $aDie katholische Kirche im Kulmer Land unter der nationalsozialistischen Herrschaft $bÜbers. des Hauptsacht. lok: 39527002 78 exp: 39527002 78 1 #EPN 201B/01 $018-11-16 $t14:20:57.000 201U/01 $0utf8 203@/01 $079160845X 208@/01 $a12-11-16 $be 209A/01 $a/ $f000 $x00 220C/01 $aTitelaufnehmer: uz 244Z/01 $2Trx $#Prusy Wschodnie i Zachodnie $8--Trx--Ost- und Westpreußen $x01 $939113373X 244Z/01 $2Trx $#arvustused $#recenzijos $#Reviews $#recenziók $#recenzje $#recenzie $#recenze $8--Trx--Rezensionen $x02 $9391357441 247C/01 $82080>Marburg/Lahn, Herder-Institut, Forschungsbibliothek, Bibliographieportal $9336309341
| LEADER | 00000caa a22000002c 4500 | ||
|---|---|---|---|
| 001 | 395270022 | ||
| 003 | DE-603 | ||
| 005 | 20210809174550.0 | ||
| 007 | tu | ||
| 008 | 161112s1996 xx |||| | u00||u|pol c | ||
| 035 | |a (DE-599)HEB395270022 | ||
| 040 | |a DE-603 |b ger |c DE-603 |d DE-603 | ||
| 041 | |a pol | ||
| 082 | 0 | 4 | |8 1\u |a 900.94382 |q DE-101 |2 23/BSB |
| 084 | |a OST |q DE-12 |2 fid | ||
| 084 | |a 1 |2 ssgn | ||
| 085 | |8 1\u |b 900 | ||
| 085 | |8 1\u |z 2 |s 4382 | ||
| 085 | |8 1\u |z 2 |s 43832 | ||
| 100 | 1 | |a Borzyszkowski, Józef |d 1946- |0 (DE-603)138771383 |0 (DE-588)103361952 |2 gnd | |
| 245 | 0 | 0 | |a Kościół katolicki na ziemi chełmińskiej w latach okupacji hitlerowskiej |
| 246 | 1 | |i Übers. des Hauptsacht. |a Die katholische Kirche im Kulmer Land unter der nationalsozialistischen Herrschaft | |
| 246 | 1 | 3 | |a Die katholische Kirche im Kulmer Land unter der nationalsozialistischen Herrschaft |
| 264 | 0 | |c 1996 | |
| 773 | 0 | 8 | |i In |t Studia Pelplińskie |d Pelplin : Wydawnictwo "Bernardinum", 1969- |x 0239-4456 |g Band 25 (1996), Seite 273-276 |w (DE-603)047489731 |w (DE-600)304909-7 |
| 787 | 0 | 8 | |i Rezension von |t Kościół katolicki w latach 1939-1945 na terenach obecnej diecezji toruńskiej |d Toruń : Wyd. Diecezjalne |w (DE-603)391391534 |
| 924 | 0 | |9 2080 |a (DE-603)79160845X |b DE-2080 |c HES |d d |g / | |


